|
|
|
|
| LEADER |
00609cam a2200181 7i4500 |
| 001 |
0000028212 |
| 005 |
20130306090000.0 |
| 020 |
0 |
0 |
|a 9789264119567
|
| 090 |
0 |
0 |
|a B 338.476606
|b ORG
|
| 110 |
2 |
0 |
|a Organisation for Economic Co-operation and Development (OECD)
|
| 245 |
2 |
0 |
|a Future propects for industrial biotechnology.
|
| 260 |
0 |
0 |
|a Paris Cedex:
|b OECD,
|c 2011.
|
| 300 |
# |
# |
|a 137 p.
|
| 650 |
0 |
0 |
|a Biotechnology
|
| 650 |
0 |
0 |
|a Biotechnology industries
|
| 650 |
0 |
0 |
|a Biotechnology industries --
|x Forecasting
|
| 650 |
0 |
0 |
|a Biotechnology --
|x Forecasting
|
| 999 |
|
|
|a B000031740
|b Book
|c International
|e Business Information Centre
|